Perkahwinan & kekeluargaan dalam Islam

Bibliographic Details
Main Author: Mohd Nawi Abdullah
Format: Book
Published: Batu Caves : Thinker's Library , 1994
Series:Asas fardu ain
Subjects:

MARC

LEADER 00000cam a2200000 7i4500
001 0000009786
002 000010655
005 20000330.0
020 |a 9676902993 
090 0 0 |a 297.5   |b MOH 
100 0 |a Mohd Nawi Abdullah 
245 1 0 |a Perkahwinan & kekeluargaan dalam Islam   |c Mohd Nawi Abdullah 
255 |a Jilid 1 
260 |a Batu Caves :   |b Thinker's Library ,   |c 1994 
300 |a 59p. ;   |c 23cm. 
490 0 |a Asas fardu ain 
650 0 0 |a Marriage (Islam) 
999 |a 039154   |b BUKU   |c PINJAMAN   |e PERPUSTAKAAN KOMUNITI PETALING JAYA 
999 |a 044152   |b BUKU   |c PINJAMAN   |e PERPUSTAKAAN KOMUNITI PETALING JAYA 
999 |a 046480   |b BUKU   |c PINJAMAN   |e PERPUSTAKAAN KOMUNITI CAW KOTA DAMANSARA